Statistics for 'B' General Knowledge Quiz

Click here to take the quiz!

General Stats

  • This quiz has been taken 748 times
  • The average score is 21 of 30

Answer Stats

HintAnswer% Correct
Fictional Superhero Bruce WayneBatman
93%
Ancient City where the Hanging Gardens were locatedBabylon
90%
Kodiak, Polar, and Spectacled are types of this animalBears
90%
Deaf German ComposerLudwig von Beethoven
90%
City that had a 'Tea Party' in 1773Boston
88%
Sport in which players use a shuttlecock or birdieBadminton
86%
Largest and Capital City of IraqBaghdad
84%
Computer Code using only 0' and 1'sBinary
84%
The Mandible, Ulna, and Sternum are examples of thisBones
83%
Belgian City in which the Headquarters of the EU are locatedBrussels
82%
Last name of Lord of the Rings-Hobbits Frodo and BilboBaggins
81%
American Plain Animal often mistakenly called a BuffaloBison
81%
Religion which follows the teachings of Siddharta GautamaBuddhism
80%
Song in which Michael Jackson sings that 'The Kid is not my Son'Billie Jean
75%
Film in which Mel Gibson played William WallaceBraveheart
75%
Character from George Orwell's book 1984 who 'is watching you'Big Brother
73%
2006 film in which Sacha Baron Cohen plays a Kazakh JournalistBorat
73%
Chemical Opposite of an AcidBase
72%
Author of 'The Da Vinci Code'Dan Brown
72%
Television Series starring Walter WhiteBreaking Bad
64%
Empire that followed the Eastern Roman Empire, with capital city ConstantinopleByzantine Empire
64%
Element of the Periodic Table which has the abbreviation 'B'Boron
62%
South American city whose name means 'Fair Winds'Buenos Aires
61%
Peninsula in South-East Europe where Serbia, Greece, etc. lieBalkan
57%
Bruce Springsteen's most successful albumBorn in the USA
56%
Empire where 'the sun never sets'British Empire
56%
3rd largest island in the world, shared between 3 different countriesBorneo
44%
Roman version of the Greek God DionysusBacchus
40%
Group of one-celled organisms comprising one of the three domains of lifeBacteria
40%
Ancient Egyptian Cat GoddessBastet
14%

Score Distribution

Percentile by Number Answered

Percent of People with Each Score

Your Score History

You have not taken this quiz